000 00541nam a2200181Ia 4500
008 240925s9999 xx 000 0 und d
020 _a201565072
082 _a005.133 MOS
100 _aMoss, Charis
245 0 _aProlog ++: the power of object- oriented and logic programming
250 _aNA
260 _aWokingham:
_bAddison-Wily Publishing Company
_c,1995.
300 _axiv,312p.
_bNA
_fOriginal
500 _aIncludes Index
600 _aComputer Science
650 _aComputer science, information & general works
942 _cBK
999 _c5604
_d5604